00544 2200217 4500001002100000005001500021035002000036007000300056008004100059082001100100084001700111100001500128245004500143250001000188260003900198300002500237650001300262700002100275856001400296990001600310INLIS00000000000486820240723102120 a0010-0721000056ta240723 0 ind  a155.25 a155.25 SUN p0 aSunarto H.1 aPerkembangan Peserta Didik /cSunarto H. acet.3 aJakarta :bPT. Rineke cipta,c2006 aix, 245 hlm ;c19 cm 4akarakter0 aB. Agung Hartono aKelas 155 a00000005952